000 00492nam a2200193Ia 4500
001 13319
003 GE_BSU
008 181216s||||||||xx |||||||||||||| ||und||
040 _cGE_BSU
080 _a581.51
245 _aРастение и среда т.3
245 _cОтв.ред.В.Н.Сукачев
260 _aМосква
260 _bИзд-во АНСССР
260 _c1952
300 _a238стр.илл.27см.
653 _aРастение и среда
942 _cBK
999 _c46480
_d46480